|
|
|
|
| LEADER |
00805nta a2200169 i 4500 |
| 001 |
dipl69506 |
| 005 |
20180607135925.0 |
| 008 |
180607s2017 hu om 0|| zxx d |
| 040 |
|
|
|a SZTE Diploma Repozitórium
|b hun
|
| 041 |
|
|
|a zxx
|
| 100 |
1 |
|
|a Kecskeméti Fanni
|
| 245 |
1 |
2 |
|a A szubjektív jóllét és az önbecsülés kapcsolata az észlelt szülői neveléssel fiatal serdülők körében
|h [elektronikus dokumentum] /
|c Fanni Kecskeméti
|
| 246 |
1 |
0 |
|a The subjective well-being and the self-esteem's relationship with the perceived parental education among young adolescents
|h [elektronikus dokumentum]
|
| 260 |
|
|
|c 2017
|
| 650 |
|
4 |
|a Bölcsészettudományok
|
| 700 |
1 |
|
|a Kőrössy Judit
|e ths
|
| 856 |
4 |
0 |
|u http://diploma.bibl.u-szeged.hu/id/eprint/69506/1/2016_Kecskem%C3%A9ti_Fanni_IDB8CK_SZ.pdf
|z Dokumentum-elérés
|